000 00615nam a2200193 4500
999 _c163683
_d163683
005 20190425170936.0
010 _aENG-125085
020 _a9789381169339
_c750.00
035 _aEN-108617
037 _bDBAD/PUB
082 _a823.910
100 _aNikam,Madhavi
245 _aThe fiction of :
_bShashi Deshpande/
_cMadhvi Nikam
260 _aJiapur
_bVital Publications
270 _aD-19, Inderpuri, Lalkothi
_bJiapur
_e302015
_k0141-2741912
_mvitalpublications@yahoo.co.in
300 _aix,168p.
_c22cm(Hb)
500 _aincludes bibliographical references
942 _2ddc
_cEN
_h823.910
_mNIK